01514nam a2200337 a 4500001001000000003000500010005001700015008004100032010001100073011001100084040000900095090001000104100003800114245016800152260004100320500006000361502010200421590004000523590004000563650005100603650005700654650003700711650004000748856007000788901000700858942001000865942000600875999001900881952013600900952014001036000113032CHAP20220329144334.0170324s2016 mx sm |||||||spa d a109493 a110465 cCHAP aTesis1 aMartínez Franco, Miriam913179910aRentabilidad y eficiencia de la producción del cultivo de cebada maltera (Hordeum vulgare) en Hidalgo, México 2015h[En línea]cpor Miriam Martínez Franco. aChapingo, Méx. :bEl autor,c2016. aPara ver el contenido del material haga clic en la liga aTesis (Ing. en Economía Agrícola) -- UACH. División de Ciencias Económico Administrativas aE5765TAJb05c20170324lUCH01h0856 aE5765TAJb05c20170324lUCH01h085614aCebada malteraxCostos de producción.92072414aCebada malteraxIndustriaxAdministración.913145214aCebada malteraxMercadeo.92072814aCebada malteraxRendimiento.920729 aFinding aiduhttp://10.13.5.2/tesis/sist113032.pdfzTeclea aquí aBK cTESIS n0 c109493d109493 00104054718TESISaBCbBCd2017-03-24fTESISl0oTesisp33724002528918r2019-12-31 00:00:00w2019-12-31yTESISzRecien adquirido 00102local4053708TESISaBCbBCcPA_TESISd2017-03-24fTESISl0oTesisp33724002529587r2019-12-31 00:00:00tc.2w2019-12-31yTESIS